000 00366nam a2200145Ia 4500
008 221030s9999 xx 000 0 und d
020 _a8122400086
082 _a105.23
100 _aR. R. Gulati
245 0 _aColour Television : Principles & Practice
260 _bNew Age International,
_aNew Delhi
_c2006
300 _a557
650 _aBB ECE
942 _cBK
_2ddc
999 _c3982
_d3982